Regiões metropolitanas no Brasil - Statistics

Estatísticas Gerais
  • Esse quiz foi jogado 61 vezes
  • A pontuação média é 21 de 28
Estatísticas das Respostas
Classificação Resposta % Correto
Metrópole Nacional - DF Brasília
100%
Metrópole Nacional - PE Recife
100%
Metrópole Mundial - RJ Rio de Janeiro
100%
Centros Metropolitanos - MA São Luís
100%
Metrópole Mundial - SP São Paulo
100%
Metrópole Regional - PA Belém
98%
Metrópole Nacional - MG Belo Horizonte
98%
Metrópole Nacional - PR Curitiba
98%
Metrópole Nacional - RS Porto Alegre
98%
Metrópole Nacional - BA Salvador
98%
Metrópole Regional - SP Campinas
96%
Metrópole Nacional - CE Fortaleza
96%
Metrópole Regional - GO Goiânia
96%
Centros Metropolitanos - RN Natal
94%
Centros Metropolitanos - SC Florianópolis
92%
Centros Metropolitanos - ES Vitória
92%
Centros Metropolitanos - PB João Pessoa
88%
Centros Metropolitanos - AL Maceió
86%
Centros Metropolitanos - PR Londrina
84%
Centros Metropolitanos - PI/MA Teresina
73%
Centros Metropolitanos - SP Ribeirão Preto
65%
Centros Metropolitanos - SP Sorocaba
53%
Metrópole Regional - MA Manaus
41%
Centros Metropolitanos - SP Piracicaba
27%
Centros Metropolitanos - SP Baixada Santista
24%
Centros Metropolitanos - SP Vale do Paraíba
14%
Centros Metropolitanos - SC Vale do Itajaí
8%
Centros Metropolitanos - MG Vale do Aço
6%
Nenhum quiz correspondente encontrado
Distribuição das Pontuações
Porcentagem de Pessoas com Cada Pontuação
Percentil de Números Respondidos
Sua Pontuação Histórica
Você não jogou esse quiz